Statistics for Top countries by the most international tourism receipts

Click here to take the quiz!

General Stats

  • This quiz has been taken 814 times
    (771 since last reset)
  • The average score is 12 of 14

Answer Stats

International tourism receiptsCountry/Territory% Correct
$177.2 billionUnited States
99%
$55.4 billionFrance
98%
$56.9 billionChina
97%
$65.2 billionSpain
95%
$45.3 billionUnited Kingdom
95%
$43.3 billionGermany
94%
$45.5 billionItaly
93%
$18.8 billionJapan
93%
$32.0 billionAustralia
86%
$19.7 billionIndia
83%
$38.4 billionThailand
77%
$29.6 billionTurkey
72%
$21.8 billionMalaysia
57%
$19.2 billionSingapore
57%

Score Distribution

Percentile by Number Answered

Percent of People with Each Score

Your Score History

You have not taken this quiz since the last reset